Southville International School and Colleges
Your cart is empty.
  • Cart
  • Lists
    Public lists Eva Luna New books Lux_list list_1
    Your lists Log in to create your own lists
  • Log in to your account
  • Your cookies
  • Search history
Southville International School and Colleges
  • Advanced search
  • Recent comments
  • Most popular
  • Libraries

Log in to your account

Log in with GOOGLE


If you do not have an external account, but do have a local account, you can still log in:

  1. Home
  2. MARC view: How to run successful projects II :
Normal view MARC view ISBD view

How to run successful projects II : (Record no. 14710)

[ view plain ]
MARC details
000 -LEADER
fixed length control field 01065cam a2200313 a 4500
001 - CONTROL NUMBER
control field 3524458
003 - CONTROL NUMBER IDENTIFIER
control field PILC
005 - DATE AND TIME OF LATEST TRANSACTION
control field 20150112093440.0
008 - FIXED-LENGTH DATA ELEMENTS--GENERAL INFORMATION
fixed length control field 960501s1996 enka b 001 0 eng
010 ## - LIBRARY OF CONGRESS CONTROL NUMBER
LC control number 96019796
020 ## - INTERNATIONAL STANDARD BOOK NUMBER
International Standard Book Number 0132398567
040 ## - CATALOGING SOURCE
Original cataloging agency DLC
Transcribing agency DLC
Modifying agency DLC
050 00 - LIBRARY OF CONGRESS CALL NUMBER
Classification number HD 69
Item number .Oc18 1996
082 00 - DEWEY DECIMAL CLASSIFICATION NUMBER
Classification number MnSF 658.404
Item number Oc5 1996
100 1# - MAIN ENTRY--PERSONAL NAME
Personal name O'Connell, Fergus.
9 (RLIN) 18067
245 10 - TITLE STATEMENT
Title How to run successful projects II :
Remainder of title the silver Bullet /
Statement of responsibility, etc Fergus O'Connell.
246 30 - VARYING FORM OF TITLE
Title proper/short title Silver bullet
246 30 - VARYING FORM OF TITLE
Title proper/short title Successful projects II
246 3# - VARYING FORM OF TITLE
Title proper/short title Successful projects two
246 3# - VARYING FORM OF TITLE
Title proper/short title Successful projects 2
250 ## - EDITION STATEMENT
Edition statement 2nd ed.
260 ## - PUBLICATION, DISTRIBUTION, ETC. (IMPRINT)
Place of publication, distribution, etc London ;
-- New York :
Name of publisher, distributor, etc Prentice Hall,
Date of publication, distribution, etc 1996.
300 ## - PHYSICAL DESCRIPTION
Extent 333 pages :
Other physical details illustration ;
Dimensions 24 cm.
504 ## - BIBLIOGRAPHY, ETC. NOTE
Bibliography, etc Includes bibliographical references (p. 327-329) and index.
650 #0 - SUBJECT ADDED ENTRY--TOPICAL TERM
Topical term or geographic name as entry element Project management.
9 (RLIN) 18068
906 ## - LOCAL DATA ELEMENT F, LDF (RLIN)
a 7
b cbc
c orignew
d 1
e ocip
f 19
g y-gencatlg
942 ## - ADDED ENTRY ELEMENTS (KOHA)
Source of classification or shelving scheme Library of Congress Classification
Koha item type Books
Holdings
Withdrawn status Lost status Source of classification or shelving scheme Damaged status Home library Current library Shelving location Date acquired Total Checkouts Full call number Barcode Date last seen Copy number Price effective from Koha item type
    Library of Congress Classification   Southville International School Affiliated with Foreign Universities Library Southville International School Affiliated with Foreign Universities Library Southville Foreign University Section 09/11/2013   HD 69 .Oc18 1996 SFU1067 05/15/2018 1 09/11/2013 Books

How to run successful projects II :

APA

O'Connell F., . (1996). How to run successful projects II. London: Prentice Hall.

Chicago

O'Connell Fergus, . 1996. How to run successful projects II. London: Prentice Hall.

Harvard

O'Connell F., . (1996). How to run successful projects II. London: Prentice Hall.

MLA

O'Connell Fergus, . How to run successful projects II. London: Prentice Hall. 1996.

  • Place hold
  • Print
  • Cite
  • Add to your cart (remove)
  • Save record
    BIBTEX Dublin Core MARCXML MARC (non-Unicode/MARC-8) MARC (Unicode/UTF-8) MARC (Unicode/UTF-8, Standard) MODS (XML) RIS
  • More searches
    Search for this title in:
    Other Libraries (WorldCat) Other Databases (Google Scholar) Online Stores (Bookfinder.com) Open Library (openlibrary.org)

Exporting to Dublin Core...

SOUTHVILLE LIBRARY

Southville International School and Colleges Library

1281 Tropical Ave. Cor. Luxembourg St., BF Homes International, Las Pinas City

Tel. No. 8256374 / 252358 Loc. 117/146

Powered by Koha